000 00349nam a2200133Ia 4500
008 151001s9999||||xx |||||||||||||| ||und||
100 _aसुमती कुकडे
245 _aउन्हाळ्याच खाण पिण
250 _a1
260 _bमधुराज
260 _c2001
300 _a16
365 _b21
999 _c983724
_d983721